LIBRARY & INFORMATION CENTRE, KCAET, TAVANUR

ONLINE PUBLIC ACCESS CATALOGUE (OPAC)

Advanced soil dynamics and earthquake engineering (Record no. 14036)

MARC details
000 -LEADER
fixed length control field 00331nam a22001217a 4500
020 ## - INTERNATIONAL STANDARD BOOK NUMBER
ISBN 9788120340398
082 ## - DEWEY DECIMAL CLASSIFICATION NUMBER
Classification number 624.15136
Item number PRA/AD
100 ## - MAIN ENTRY--AUTHOR NAME
Personal name Prasad, Bharat Bhushan
245 ## - TITLE STATEMENT
Title Advanced soil dynamics and earthquake engineering
260 ## - PUBLICATION, DISTRIBUTION, ETC. (IMPRINT)
Place of publication New Delhi
Name of publisher Prentice Learning Private Limited
Year of publication 2012
300 ## - PHYSICAL DESCRIPTION
Number of Pages 921p
942 ## - ADDED ENTRY ELEMENTS (KOHA)
Koha item type Books
Holdings
Withdrawn status Lost status Damaged status Collection code Home library Current library Shelving location Date acquired Source of acquisition Cost, normal purchase price Full call number Accession Number Koha item type
      Non-fiction KAUAET KAUAET General Stacks 30/03/2013 Aman Book Stall, Calicut 650.00 624.15136 PRA/AD 24000 Books
free website counter